[Event "32nd Reykjavik Open 2017"]
[Site "Reykjavik"]
[Date "2017.04.22"]
[Round "5"]
[White "Yilmaz, Mustafa"]
[Black "Donchenko, Alexander"]
[Result "1/2-1/2"]
[WhiteElo "2614"]
[BlackElo "2554"]
[Annotator "TA"]
[PlyCount "95"]
[EventDate "2017.??.??"]
[EventType "swiss"]
[EventCountry "ISL"]
[SourceTitle "playchess.com"]
[Source "ChessBase"]
[SourceQuality "1"]

{[%evp 16,95,8,3,23,28,38,35,44,33,39,47,36,26,38,20,20,14,23,15,15,16,17,18,15,20,20,14,17,10,7,7,7,7,12,8,12,11,22,12,14,12,14,9,9,10,14,14,22,22,22,22,14,17,22,29,22,8,8,0,39,2,8,14,10,12,8,8,8,14,17,0,0,0,0,0,0,0,0,0,0,0]} 1. c4 c5 2. Nf3 Nc6 3. Nc3 g6 4. g3 Bg7 5. Bg2 d6 6. O-O e6 7. e3 Nge7 8. d4 O-O 9. Re1 {LiveBook: 9 Games. A37: Symmetrical English vs ...g6: 4 Bg2 Bg7 5 Nf3} b6 (9... a6 10. Bd2 Rb8 11. Rc1 b6 12. Ne2 e5 13. Bc3 h6 14. d5 Nb4 15. Ra1 b5 16. a3 bxc4 17. axb4 cxb4 {0-1 (53) Aronian,L (2785)-Topalov,V (2760) London 2016}) 10. b3 d5 $146 (10... Bb7 11. Bb2 Rc8 12. Qd2 Ba8 13. Rad1 cxd4 14. exd4 d5 15. cxd5 Nxd5 16. Nxd5 Qxd5 {0-1 (51) Teske,H (2475)-Huzman,A (2580) Berlin 2015}) 11. cxd5 {White is slightly better.} exd5 12. Ba3 cxd4 13. Nxd4 Nxd4 14. exd4 Be6 15. Bxe7 Qxe7 16. Bxd5 Rad8 {next ...Qb4 is good for Black.} 17. Rc1 Qb4 18. Bxe6 ({Much weaker is} 18. Rxe6 fxe6 19. Bxe6+ Kh8 $17) 18... Bxd4 19. Qc2 {[#] Threatens to win with Bc4.} Qxc3 20. Qxc3 Bxc3 21. Rxc3 {Black must now prevent Bh3.} fxe6 $11 {[%mdl 4096] Endgame KRR-KRR} 22. Rce3 Rd2 23. R1e2 ({Of course not} 23. Rxe6 Rfxf2 24. Re8+ Kg7 25. R1e7+ Kh6 $17) 23... Rxe2 24. Rxe2 {KR-KR} Re8 25. Kg2 Kf7 26. Rc2 Re7 27. Kf3 Rd7 28. h4 Kf6 29. Ke4 h5 30. Ke3 Ke5 31. Rc8 Kf6 32. Rf8+ Ke7 33. Rg8 Kf6 34. Rc8 Kf7 35. f3 Kf6 36. Rf8+ Ke7 37. Rc8 (37. Rh8 $5 {is more complex.} Kf6 38. Rc8 Ke5 39. Rc1 Kf5 40. b4) 37... Kf6 38. Rc4 Ke5 {The position is equal.} 39. Re4+ Kf6 40. Rf4+ Ke7 41. g4 hxg4 42. fxg4 Rd1 43. Rc4 Rh1 44. Rc7+ Kf6 45. Rxa7 Rxh4 46. Rb7 Rh2 47. Rxb6 {And now a4 would win.} Rxa2 48. Ke4 1/2-1/2

[Event "32nd Reykjavik Open 2017"]
[Site "Reykjavik"]
[Date "2017.04.22"]
[Round "5"]
[White "Van Foreest, Jorden"]
[Black "Harika, Dronavalli"]
[Result "1-0"]
[WhiteElo "2584"]
[BlackElo "2521"]
[Annotator "TA"]
[PlyCount "109"]
[EventDate "2017.??.??"]
[EventType "swiss"]
[EventCountry "ISL"]
[SourceTitle "playchess.com"]
[Source "ChessBase"]
[SourceQuality "1"]

{[%evp 11,109,-9,-10,-20,-22,-26,-21,-15,-10,-14,-14,-17,-11,-21,-22,-31,0,0,0,-10,2,8,10,8,20,-17,-18,-35,-41,-70,-77,-80,-85,-100,-27,-90,-100,-95,0,0,0,0,0,0,0,0,38,8,8,8,27,22,12,8,22,0,127,103,106,124,97,59,56,56,47,50,123,122,122,25,327,327,324,320,518,509,565,541,1262,1268,1757,1723,5193,1316,1129,580,29957,29958,29949,11971,29959,29963,29963,29966,29970,29968,29971,29974,29972,29966]} 1. d4 Nf6 2. Bf4 g6 3. Nc3 d5 4. Qd2 Bg7 5. Bh6 Bxh6 {D01: Veresov Opening} 6. Qxh6 Bf5 {LiveBook: 5 Games} 7. Qd2 {[#]} c5 $1 {[%mdl 512] Hoping for ...cxd4.The position is equal.} 8. e3 (8. dxc5 d4) 8... cxd4 9. exd4 Nc6 10. Bb5 $146 (10. f3 h5 11. Bb5 Qd6 12. Nge2 a6 13. Bxc6+ Qxc6 {1-0 (44) Jobava,B (2661)-Demchenko,A (2589) Gjakova 2016}) 10... Rc8 11. f3 h5 12. Nge2 Kf8 13. O-O a6 14. Bxc6 Rxc6 15. Rfe1 Qc7 16. Ng3 Be6 17. Rac1 h4 18. Nge2 Bf5 19. Nf4 e6 20. Qe3 Kg7 21. g4 hxg3 $1 22. hxg3 b5 (22... g5 $17 23. Nfe2 Rh5) 23. a3 (23. Qe5 $11) 23... g5 $17 24. Nfe2 {[#]} g4 (24... Rh5 $1 $17 25. Kg2 (25. Qe5 Bg6 $17) 25... g4) 25. Qg5+ $11 Bg6 {aiming for ...Rxc3!} 26. fxg4 Rxc3 (26... Rh3 27. Kg2 Rh6 28. Rh1 Rxh1 29. Rxh1 $14) 27. bxc3 Ne4 28. Qe3 Rc8 (28... Rh3 29. Kg2 Rh7 30. Rh1 $16) 29. Rf1 Qe7 30. Kg2 Ng5 31. Nf4 {And now Nxd5! would win.} Ne4 $1 32. Nxg6 Kxg6 33. Rf3 Qg5 (33... Rxc3 $11 {keeps the balance.} 34. Qf4 Qc7) 34. Qf4 $16 Qxf4 35. gxf4 (35. Rxf4 $6 Rxc3 36. Rf3 Rc4 $11) 35... Nxc3 {[%mdl 4096] Endgame KRR-KRN} 36. Rh1 Ne4 37. c3 $1 {[%cal Bc2c3,Bc3b4][%mdl 32]} a5 38. f5+ Kg7 ({Better is} 38... exf5 $1 $14 39. Rxf5 (39. gxf5+ Kg5 $16) 39... Rxc3) 39. fxe6 fxe6 40. Rfh3 (40. Rh5 $16) 40... b4 $2 {[%mdl 8192]} (40... Kg6 $11) 41. axb4 $18 (41. Rh7+ Kg6 $16) 41... axb4 42. cxb4 (42. Rh7+ Kg6 $16) 42... Rc2+ $2 {[#]} (42... Rc4 43. Rb1 Rc2+ 44. Kg1 Nd2) 43. Kf3 $1 ({Less strong is} 43. Kf1 Kg6 $16) 43... Ng5+ 44. Kf4 Nxh3+ 45. Rxh3 {KR-KR} Rb2 46. Ke5 Rxb4 47. Rf3 ({And not} 47. Kxe6 Rxd4 48. Kf5 Rd1 $11) 47... Kg6 48. Rf6+ ({Inferior is} 48. Kxe6 Rxd4 49. Rh3 Kg5 $11) 48... Kg5 49. Rxe6 Rb5 50. Rd6 Kxg4 51. Rxd5 {White mates.} Rb1 52. Rd8 Kf3 53. Rf8+ Ke3 54. d5 Rb5 55. Rh8 1-0

[Event "32nd Reykjavik Open 2017"]
[Site "Reykjavik"]
[Date "2017.04.22"]
[Round "5"]
[White "Ziska, Helgi Dam"]
[Black "Kavutskiy, Konstantin"]
[Result "1-0"]
[WhiteElo "2553"]
[BlackElo "2347"]
[Annotator "TA"]
[PlyCount "47"]
[EventDate "2017.??.??"]
[EventType "swiss"]
[EventCountry "ISL"]
[SourceTitle "playchess.com"]
[Source "ChessBase"]
[SourceQuality "1"]

{[%evp 8,47,0,4,64,55,34,49,50,31,60,64,88,77,88,87,92,66,90,96,89,96,259,260,274,254,271,256,256,177,362,343,567,530,491,481,1333,1298,3722,2941,29998,29999]} 1. e4 c5 2. Nf3 e6 3. b3 b6 4. d4 cxd4 5. Nxd4 {LiveBook: 200 Games} d6 {B40: Sicilian: 2...e6, Unusual lines} (5... Nf6 $11) (5... Bb7 6. Nd2 Nf6 7. Bd3 Nc6 8. Nxc6 Bxc6 9. O-O Be7 10. Bb2 O-O 11. c4 d6 12. Qe2 Nd7 13. Rad1 Qc7 {1-0 (33) Anton Guijarro,D (2627)-Svidler,P (2759) Almaty 2016}) 6. Nc3 $146 (6. Bb2 Nf6 7. Nd2 Bb7 8. Bd3 Be7 9. O-O Nbd7 10. Re1 a6 11. c4 Qc7 12. Rc1 O-O 13. f4 {0-1 (38) Fenyes,G (2141)-Schneider,V (2092) Budapest 2004}) 6... Nf6 7. Bb2 Be7 {White is slightly better.} 8. Qe2 a6 9. g4 {[%cal Bg2g4,Bg4g5][%mdl 32]} Bb7 10. g5 $36 {[%mdl 2048] White is on the roll.} Nfd7 11. h4 Nc6 {[#]} 12. Nxc6 $1 Bxc6 13. O-O-O b5 14. Nd5 exd5 $2 (14... O-O $16 {was necessary.}) 15. exd5 $18 Bb7 {[#] And now ...0-0 would win.} 16. Bxg7 Rg8 17. Bb2 Nb6 18. Qe4 {Black must now prevent Bh3.} Qc7 $2 (18... Kd7 {was worth a try.} 19. Bh3+ (19. Qxh7 Kc7 $16) 19... Kc7) 19. Bh3 ({Less strong is} 19. Qxh7 O-O-O $16) 19... Kf8 $2 (19... Kd8 20. Rhe1 Re8) 20. Rhe1 Rg6 21. f4 Re8 (21... Nxd5 $142 22. Rxd5 Bxd5 23. Qxd5 Re8) 22. h5 Rg8 23. Qxh7 {White threatens Qh6+ and mate.} Nxd5 24. Qh6+ 1-0

[Event "32nd Reykjavik Open 2017"]
[Site "Reykjavik"]
[Date "2017.04.22"]
[Round "5"]
[White "Friedel, Joshua E"]
[Black "L'Ami, Alina"]
[Result "1-0"]
[WhiteElo "2524"]
[BlackElo "2324"]
[Annotator "TA"]
[PlyCount "137"]
[EventDate "2017.??.??"]
[EventType "swiss"]
[EventCountry "ISL"]
[SourceTitle "playchess.com"]
[Source "ChessBase"]
[SourceQuality "1"]

{[%evp 18,137,42,23,44,52,49,43,56,49,63,46,52,45,87,84,92,61,68,68,83,78,74,45,50,41,59,40,37,12,55,31,30,28,37,41,46,0,0,11,45,0,0,0,0,0,0,0,0,0,0,0,0,0,0,0,0,0,0,-5,-6,-6,-6,-28,-28,-66,-28,-28,0,0,0,0,0,0,0,0,0,0,0,0,0,0,0,0,0,0,8,8,8,8,8,8,8,8,8,8,8,8,8,8,8,8,8,8,8,8,8,8,8,8,8,8,29975,29976,29977,29978,29977,29978,29978,29979,29979,29980]} 1. d4 Nf6 2. c4 g6 3. g3 Bg7 4. Bg2 O-O 5. Nc3 d6 6. Nf3 Nc6 7. O-O Bf5 8. Ne1 Qd7 9. e4 {E62: King's Indian: Fianchetto: 6...c6 and Panno Variation (6...Nc6) without ...a6} Bh3 10. Nc2 {LiveBook: 34 Games} (10. b3 Bxg2 11. Kxg2 e5 12. dxe5 dxe5 13. Qxd7 Nxd7 14. Nd5 Rac8 15. Ba3 Rfe8 16. Rd1 Bf8 17. Bb2 Nd8 18. Nc2 c6 19. Nc3 Rc7 20. Rd2 Bh6 21. Rd6 Bf8 22. Rd2 Bh6 23. Rd6 Bf8 {½-½ (23) Maletin,P (2583)-Bocharov,D (2561) Vladivostok 2015}) 10... Rfe8 11. Bxh3 $146 {White is slightly better.} (11. f3 Bxg2 12. Kxg2 e5 13. d5 Nd4 14. Be3 Nxc2 15. Qxc2 c5 16. dxc6 bxc6 {0-1 (37) Turzo,A (2339)-Gara,A (2349) Hungary 2017}) 11... Qxh3 12. f3 $1 e5 13. d5 Ne7 14. Bg5 Nh5 15. Qd2 Qd7 16. g4 Nf6 17. Kh1 Kh8 18. Rg1 Nfg8 19. Raf1 Rf8 20. Ne1 f5 21. gxf5 gxf5 22. Nd3 Ng6 23. Qg2 f4 24. Qg4 (24. c5 $5 {with more complications.} Nf6 25. Rc1 Rab8 26. a4 Rg8 27. Qf2) 24... Qxg4 25. Rxg4 (25. fxg4 h6 26. Bxh6 Nxh6 $17) 25... Bf6 26. c5 a6 27. a4 (27. h4 $5 {feels hotter.} N6e7 28. Kg1 h6 29. Kf2 Kh7 30. Rh1) 27... Bxg5 28. Rxg5 Nf6 29. Rg2 Nh4 30. Rc2 Rf7 31. Nb1 Rg8 32. Na3 Rfg7 33. Ne1 Nh5 34. Nc4 Rg6 35. cxd6 $1 cxd6 {White should prevent ...Rh6.} 36. Nb6 $1 Rh6 37. Rc8 $1 Ng3+ 38. hxg3 Nf5+ 39. Kg1 $1 Nxg3 {Hoping for ...Rh1+.} 40. Rxg8+ (40. Kf2 $5 {is interesting.} Nxf1 41. Kxf1 Rh1+ 42. Ke2 h5 43. Nd3) 40... Kxg8 41. Kg2 Nxf1 42. Kxf1 Kf7 43. Kg2 Rg6+ 44. Kf2 Rh6 45. b4 Ke7 46. Kg2 Rg6+ 47. Kf2 Rh6 48. Kg1 Rg6+ 49. Ng2 Rg3 50. b5 axb5 51. axb5 Rxf3 52. Nh4 Rb3 $1 53. Nf5+ Kd8 54. Nc4 Rxb5 55. Nfxd6 Rb1+ 56. Kf2 h5 57. Nxe5 {Threatens to win with Nf5.} h4 $1 58. Ndf7+ Ke8 59. d6 {Intending d7+ and mate.} Rd1 60. Ke2 Rd4 {Strongly threatening ...h3.} 61. Kf3 h3 {White must now prevent ...h2.} 62. d7+ Rxd7 $1 63. Nxd7 Kxf7 $11 {[%mdl 4096] Endgame KN-K3P} 64. Ne5+ Ke6 $2 {[%mdl 8192] [#]} (64... Kf6 $11 65. Nd3 (65. Kxf4 b5 $11) 65... Kg5) 65. Nd3 $1 {[%cal Rd3f4] White mates.} ({Stronger than} 65. Ng4 b5 $11) 65... h2 {[#]} 66. Kg2 $1 {[%cal Rg2h2]} ({Worse is} 66. Nxf4+ Kd6 67. Kg2 Ke5 $11) 66... Kf6 67. Kxh2 Kg5 68. Kg2 Kg4 69. Nf2+ 1-0

[Event "32nd Reykjavik Open 2017"]
[Site "Reykjavik"]
[Date "2017.04.22"]
[Round "5"]
[White "Perelshteyn, Eugene"]
[Black "Gislason, Gudmundur"]
[Result "1-0"]
[WhiteElo "2509"]
[BlackElo "2314"]
[Annotator "TA"]
[PlyCount "73"]
[EventDate "2017.??.??"]
[EventType "swiss"]
[EventCountry "ISL"]
[SourceTitle "playchess.com"]
[Source "ChessBase"]
[SourceQuality "1"]

{[%evp 18,73,34,0,55,26,29,22,53,18,36,44,85,56,68,56,58,65,152,153,146,146,163,173,170,156,164,93,88,87,87,82,96,94,266,254,242,264,304,277,314,176,310,308,401,383,384,389,432,436,414,419,674,656,1158,1125,1283,568]} 1. d4 g6 2. e4 Bg7 3. Nc3 d6 4. Be3 Nf6 5. Nf3 a6 6. h3 O-O 7. a4 b6 8. Bd3 e6 9. O-O Bb7 10. Qd2 {LiveBook: 13 Games. B08: Pirc Defence: Classical System} Nc6 (10... c5 $11) 11. Bh6 e5 12. d5 $146 {White has an edge.} (12. dxe5 Nxe5 13. Nxe5 dxe5 14. Bxg7 Kxg7 15. Rad1 Qe7 16. f3 Rfd8 17. Ne2 Nd7 {0-1 (51) Miller,E (2291)-Gofshtein,L (2546) Haifa 2008}) 12... Ne7 13. Rfd1 Nd7 14. a5 Nc5 15. b4 Nxd3 16. cxd3 {[%cal Bc2d3,Bd3d4][%mdl 32]} c6 $1 17. dxc6 Bxc6 {[#]} (17... Nxc6 $14 18. Bxg7 Kxg7) 18. d4 $1 $16 bxa5 19. bxa5 Rc8 20. Bxg7 Kxg7 21. dxe5 dxe5 22. Nxe5 ({White should try} 22. Qe2 $18 Qc7 23. Qxa6) 22... Qxd2 23. Rxd2 Ba8 24. Ra3 Rfd8 25. Rd7 Kf6 $2 (25... Rxd7 $16 26. Nxd7 Rc7) 26. Ng4+ $18 Ke6 27. Ra7 Rd6 28. Ne2 {[%cal Re2f4] [#]} g5 29. e5 (29. Ng3 $142 {And now Rf3 would win.} Nc6 30. Rxa6) 29... Rd1+ (29... Nc6 {might work better.} 30. Rxa6 (30. exd6 Nxa7 31. Rd3 Be4 $16) 30... Nxe5) 30. Kh2 Nc6 31. Rxa6 h5 32. Ne3 Rd2 33. Ng3 Rxf2 34. Nxh5 Rh8 (34... Rb2 $142 35. Ng7+ Ke7 36. Ngf5+ Kf8) 35. Rd3 {Intending Rd6+ and mate.White is clearly winning.} Rxh5 36. Rxa8 Nxe5 37. Re8+ 1-0

[Event "32nd Reykjavik Open 2017"]
[Site "Reykjavik"]
[Date "2017.04.22"]
[Round "5"]
[White "Firat, Burak"]
[Black "Kleinman, Michael"]
[Result "0-1"]
[WhiteElo "2503"]
[BlackElo "2289"]
[Annotator "TA"]
[PlyCount "44"]
[EventDate "2017.??.??"]
[EventType "swiss"]
[EventCountry "ISL"]
[SourceTitle "playchess.com"]
[Source "ChessBase"]
[SourceQuality "1"]

{[%evp 14,44,42,20,22,0,3,-12,-19,-9,0,-57,-62,-70,-56,-58,-73,-61,-70,-84,-70,-74,-67,-210,-204,-169,-221,-394,-358,-29995,-29996,-29997,-29998]} 1. d4 Nf6 2. c4 g6 3. Nc3 d5 4. Nf3 Bg7 5. Qb3 dxc4 6. Qxc4 O-O 7. e4 a6 8. Qa4 Bg4 {D97: Grünfeld: Russian System: 7 e4, replies other than 7...Bg4} (8... c5 9. dxc5 Bd7 10. Qa3 Bc6 11. Nd2 a5 12. f3 Nfd7 13. Nc4 Bd4 14. Be3 Bxe3 15. Nxe3 e6 16. Kf2 {½-½ (43) Wang,H (2742)-Grischuk,A (2754) London 2012}) 9. Be2 Nc6 10. d5 b5 {The position is equal.} 11. Qd1 Na5 12. e5 (12. h3 $11 Bxf3 13. Bxf3 (13. gxf3 c6 14. dxc6 Nxc6 $15)) 12... Nd7 $15 {[%cal Bf6d7,Bd7c5,Bc5d3][%mdl 32]} 13. e6 fxe6 $146 (13... Bxf3 14. exf7+ Rxf7 15. Bxf3 Ne5 16. Be2 {½-½ (46) Bartel,M (2653)-Borisek,J (2541) Porto Carras 2011}) 14. Ng5 Bxe2 15. Qxe2 Nc5 $36 {[%mdl 2048] Black has good play.} 16. Nxe6 Bxc3+ $1 17. bxc3 Qxd5 {Strongly threatening ...Nd3+.} 18. Nxf8 (18. Nxc5 $1 $15 Qxc5 19. O-O) 18... Qxg2 $19 (18... Rxf8 19. O-O $16) 19. Rf1 {Nxh7 is the strong threat.} Rd8 (19... Kxf8 $6 20. Bh6+ Kf7 21. O-O-O $11) 20. Qxe7 $2 {[#]} ({But not} 20. Bh6 $2 Nd3+ 21. Qxd3 Rxd3 $19) (20. Ne6 Nd3+ 21. Kd1 Nf4+ 22. Nxd8 Nxe2 23. Kxe2) 20... Nd3+ $1 21. Ke2 $2 {[#]} (21. Kd2 $19 Nc6 22. Qe6+ (22. Qxh7+ $2 Kxf8 23. Qxc7 Nxc1+ 24. Qxd8+ Nxd8 $19) 22... Kg7 23. Kc2) 21... Qg4+ $1 ({And not} 21... Nxc1+ 22. Raxc1 Rxf8 23. Qe6+ Kh8 24. Qe5+ Kg8 25. Qe6+ Kh8 26. Qe5+ Kg8 27. Qe6+ $11) 22. Kd2 Nb4+ 0-1

[Event "32nd Reykjavik Open 2017"]
[Site "Reykjavik"]
[Date "2017.04.22"]
[Round "5"]
[White "Kunte, Abhijit"]
[Black "Piasetski, Leon"]
[Result "1-0"]
[WhiteElo "2491"]
[BlackElo "2300"]
[Annotator "TA"]
[PlyCount "103"]
[EventDate "2017.??.??"]
[EventType "swiss"]
[EventCountry "ISL"]
[SourceTitle "playchess.com"]
[Source "ChessBase"]
[SourceQuality "1"]

{[%evp 21,103,0,12,7,11,-6,0,0,0,0,0,0,0,0,0,0,-4,-11,-3,-1,-10,-7,0,0,0,-9,-12,-14,-8,-8,-14,-21,-1,-5,0,-12,0,-10,0,0,0,-6,7,0,22,20,39,8,8,8,8,8,0,1,2,8,74,74,77,54,39,45,54,46,39,29,44,44,50,25,81,38,1613,1338,1547,1416,1848,1795,1400,1476,1135,873,29956,11312]} 1. d4 g6 2. Nf3 Bg7 3. c3 Nf6 4. Bf4 d6 5. h3 b6 6. e3 O-O 7. Be2 Bb7 8. O-O c5 9. Bh2 {A48: 1 d4 Nf6 2 Nf3 g6: Torre, London and Colle Systems} Nbd7 10. a4 a6 11. Na3 Ra7 {LiveBook: 5 Games} 12. Qb3 Qa8 13. Rac1 $146 (13. Rfd1 b5 14. axb5 axb5 15. Bxb5 Bxf3 16. gxf3 Qxf3 {1-0 (34) Naiditsch,A (2702)-Karthikeyan,P (2507) Sharjah 2017}) 13... Rc8 14. Rfd1 cxd4 15. cxd4 ({But not} 15. Rxd4 Ne4 16. Rb4 a5 $17) 15... Bd5 16. Qd3 Be4 17. Rxc8+ Qxc8 18. Qc4 Qxc4 19. Bxc4 Bd5 20. Bxd5 Nxd5 21. Rc1 Rc7 22. Rxc7 Nxc7 23. Nd2 f5 24. Kf1 Kf7 25. Ke2 e5 26. Nc2 b5 27. axb5 axb5 28. Kd3 Ke6 29. f3 f4 30. e4 d5 31. Bg1 Kd6 32. exd5 Nxd5 33. Ne4+ Ke7 34. Nc3 (34. b3 $5 {is interesting.} h6 35. Nc3 Nc7 36. Bf2 Kd6 37. Na3) 34... Nxc3 35. bxc3 $11 {[%mdl 4096] Endgame KBN-KBN} Kd6 36. Na3 Kc6 37. d5+ Kxd5 38. Nxb5 Nc5+ (38... Bf8 $11 {keeps the balance.}) 39. Bxc5 $1 $16 Kxc5 {KB-KN} 40. Na3 Kd5 41. Nc4 Bf6 42. Nd2 Bd8 43. Nb3 Bc7 44. c4+ {[%cal Bc3c4,Bc4c5][%mdl 32]} Kc6 45. Ke4 Bb8 (45... Kd6 $11) 46. h4 h5 $2 {[%mdl 8192] [#]} (46... Bc7 $14) 47. c5 $18 Bc7 48. Nc1 Bd8 49. Nd3 ({Weaker is} 49. Kxe5 Bxh4 50. Nd3 (50. Kxf4 Kxc5 51. Ke5 Kc4 $11) 50... g5 $16) 49... Bxh4 50. Nxe5+ Kxc5 51. Nxg6 Bd8 52. Nxf4 1-0

[Event "32nd Reykjavik Open 2017"]
[Site "Reykjavik"]
[Date "2017.04.22"]
[Round "5"]
[White "Liang, Awonder"]
[Black "Movsesian, Sergei"]
[Result "1/2-1/2"]
[WhiteElo "2483"]
[BlackElo "2677"]
[Annotator "TA"]
[PlyCount "51"]
[EventDate "2017.??.??"]
[EventType "swiss"]
[EventCountry "ISL"]
[SourceTitle "playchess.com"]
[Source "ChessBase"]
[SourceQuality "1"]

{[%evp 12,51,19,-27,-28,-25,-14,-45,-36,-59,0,-30,35,33,75,76,76,76,75,75,66,0,3,0,0,0,0,0,0,0,0,0,0,0,0,0,0,0,0,0,0,0]} 1. e4 e5 2. Nf3 Nc6 3. Nc3 Nf6 4. Bb5 Bd6 5. d3 h6 {C48: Four Knights: 4 Bb5, replies other than 4...Bb4} 6. h3 (6. a3 a6 7. Bc4 Bc5 8. b4 Ba7 9. h3 d6 10. Ne2 Be6 11. Bxe6 fxe6 12. Ng3 O-O 13. c3 Qe8 14. O-O Nh5 15. Nxh5 Qxh5 {½-½ (24) Svidler,P (2741)-Yu,Y (2750) Shenzhen 2017}) 6... O-O 7. g4 {LiveBook: 5 Games} Nd4 {Black has an edge.} 8. Bc4 c6 9. g5 hxg5 10. Bxg5 Be7 $146 (10... b5 11. Bb3 Nxf3+ 12. Qxf3 Be7 13. Rg1 {0-1 (66) Lugovskoy,M (2425)-Shapkin,A (2266) Moscow 2017}) 11. Rg1 d5 (11... Re8 $11) 12. exd5 $14 Nxd5 13. Bxe7 Qxe7 14. Bxd5 cxd5 15. Nxd5 Qd8 16. Ne3 ({White should play} 16. Nxd4 $1 $14 Qxd5 17. Ne2) 16... Qb6 $1 $132 {[%mdl 2048] The position is equal. Black is not keeping still (3)} ({Worse is} 16... Bxh3 17. Ng5 Bf5 18. Nxf5 Nxf5 19. Qh5 $18) 17. c3 Nxf3+ ({Much weaker is} 17... Bxh3 $6 18. cxd4 (18. Nxe5 Nf5 19. N3c4 Qe6 $16) 18... exd4 19. Nc4 Rfe8+ 20. Kd2 Qh6+ 21. Kc2 $16) 18. Qxf3 {0-0-0 is the strong threat.} Qxb2 {[#]} 19. Qf6 $3 {[%csl Gg1][%cal Rf6g7][%mdl 512]} Qxc3+ (19... Qxa1+ $5 20. Nd1 $8 g6 21. Rxg6+ fxg6 22. Qxg6+ Kh8 23. Qh6+ Kg8 24. Qg6+ Kh8 25. Qh6+ Kg8 26. Qg6+ $11) 20. Ke2 {[%csl Gg1][%cal Rf6g7]} Qb2+ 21. Nc2 Qxc2+ 22. Ke3 {[%csl Gg1][%cal Rf6g7]} Qc5+ $1 23. Ke2 $1 {[%csl Gg1][%cal Rf6g7] [#]} Qc2+ 24. Ke3 {[%csl Gg1][%cal Rf6g7]} Qc5+ $1 25. Ke2 $1 {[%csl Gg1][%cal Rf6g7]} Qc2+ 26. Ke3 1/2-1/2

[Event "32nd Reykjavik Open 2017"]
[Site "Reykjavik"]
[Date "2017.04.22"]
[Round "5"]
[White "Lemos, Damian"]
[Black "Nebolsina, Vera"]
[Result "1-0"]
[WhiteElo "2471"]
[BlackElo "2285"]
[Annotator "TA"]
[PlyCount "145"]
[EventDate "2017.??.??"]
[EventType "swiss"]
[EventCountry "ISL"]
[SourceTitle "playchess.com"]
[Source "ChessBase"]
[SourceQuality "1"]

{[%evp 19,145,43,48,36,36,36,35,36,37,38,40,39,41,36,42,35,35,39,40,24,36,24,34,40,34,41,34,34,41,41,41,35,33,33,69,41,49,55,63,49,71,71,71,71,71,71,57,61,62,0,54,54,68,13,12,12,12,12,17,14,21,13,70,70,70,71,57,56,75,67,165,81,109,109,91,65,65,66,284,278,273,268,262,250,247,240,232,204,523,455,413,399,398,0,393,351,307,197,6179,5632,3262,1014,5177,8,4678,4694,1656,1485,29987,29985,29992,29986,29988,29986,29989,29987,29986,29987,29987,29984,29984,29985,29985,29986,29986,29987,29996,29997]} 1. Nf3 Nf6 2. g3 g6 3. b3 Bg7 4. Bb2 O-O 5. Bg2 d6 6. d4 Nbd7 7. c4 e5 8. dxe5 Ng4 9. Nc3 Ngxe5 10. O-O Nxf3+ 11. Bxf3 {E60: King's Indian: Unusual lines and Fianchetto Variation without Nc3} a5 (11... Nc5 12. Qd2 Be6 13. Rfd1 a5 14. Rac1 Re8 15. Nd5 Bxd5 16. Bxd5 Qe7 17. Bf3 Ne4 18. Qc2 Bxb2 19. Qxb2 {1-0 (78) Bai,J (2501)-Socko,M (2448) Graz 2016}) 12. Qd2 Nc5 13. Nd5 {White is slightly better.} Be6 14. Rad1 $146 (14. Bxg7 Kxg7 15. Qc3+ f6 16. Nf4 Bf7 17. a3 Qe7 18. b4 Ne4 {½-½ (26) Schulz,K (2292)-Fruebing,S (2383) Germany 2015}) 14... Bxd5 15. Bxd5 Qe7 16. Rfe1 Bxb2 17. Qxb2 Qe5 18. Qc2 Kg7 19. Bg2 f5 20. Rd5 Qf6 21. e3 Rae8 22. a3 b6 23. b4 axb4 24. axb4 Ne4 25. Rd4 Re7 26. Red1 Qe5 27. Rd5 Qf6 {Threatening ...Nc3.} 28. Bxe4 fxe4 29. c5 bxc5 30. bxc5 dxc5 31. Rxc5 Kh6 32. Rf1 Rff7 33. Qc4 Qf3 34. Qc2 (34. Qc1 $14) 34... Rd7 ({Black should try} 34... Qf6 $11) 35. Rc4 Rfe7 36. Qa4 (36. h4 $14) 36... Rd2 $11 37. Rd4 Rxd4 38. Qxd4 {[%mdl 4096] Endgame KQR-KQR} Rf7 39. Qe5 Rd7 40. h3 Qf5 (40... c6 $11) 41. Qxf5 $14 gxf5 {KR-KR} 42. Rc1 Kg6 43. Rc6+ Kg5 44. Kg2 Rg7 (44... Kh5 $14) 45. h4+ (45. f4+ $18 {and White stays clearly on top.} exf3+ 46. Kxf3) 45... Kg4 46. Rc4 Kh5 47. Kh3 Rd7 48. Rc5 {Black must now prevent g4+.} Rf7 $2 ({Better is} 48... Kg6 $14) 49. g4+ $1 $18 {[%cal Bg3g4,Bg4g5][%mdl 32]} Kg6 50. g5 $1 f4 51. Rc6+ $1 Kg7 {[#]} ({Much weaker is} 51... Kf5 52. exf4 e3 53. fxe3 $18) 52. Kg4 $1 fxe3 53. fxe3 Rf3 $2 (53... Kg8 {is a better chance.} 54. Rc4 Re7) 54. Rxc7+ Kg8 55. Rc8+ Kg7 56. Rc7+ Kg8 57. Rc3 Kg7 58. h5 Kf7 $2 (58... h6 59. g6 Kh8 60. Rc8+ Kg7 61. Rc7+ Kg8 62. Rc8+ Kg7 63. Rc7+ Kg8 64. Rc8+ Kg7) 59. Rc7+ Kg8 60. h6 (60. Rc8+ $142 Kf7 61. g6+ Kg7 62. Rc7+ Kg8 63. Rxh7) 60... Rxe3 61. Rc8+ Kf7 {[#]} 62. Rh8 $1 {[%cal Rh8h7]} Re1 63. Rxh7+ Kg8 64. Re7 {White mates.} e3 65. Kf5 Kf8 66. Re6 Re2 67. Kg6 Re1 68. h7 {[%cal Rh7h8]} Rh1 69. Rf6+ Ke7 70. Rf3 e2 71. Re3+ Kf8 72. Rxe2 Rh6+ 73. Kxh6 1-0